[Event "Wuerttemberg-ch Seniors 15th"]
[Site "Ellwangen"]
[Date "2003.04.17"]
[Round "7"]
[White "Wollsdorf, Friedrich"]
[Black "Wieser, Franz"]
[Result "0-1"]
[WhiteElo "1787"]
[BlackElo "1665"]
[PlyCount "114"]
[EventDate "2003.04.??"]
[EventType "swiss"]
[EventRounds "9"]
[EventCountry "GER"]
[SourceTitle "EXT 2006"]
[Source "ChessBase"]
[SourceDate "2005.11.24"]
[SourceVersion "1"]
[SourceVersionDate "2005.11.24"]
[SourceQuality "1"]

1. e4 g6 2. d4 Bg7 3. Nc3 d6 4. Bc4 c6 5. Be3 Qc7 6. Qd2 b5 7. Bd3 e5 8. Nf3 Bg4 9. d5 b4 10. Na4 c5 11. b3 Bd7 12. Nb2 a5 13. a4 f5 14. g3 f4 15. Bxc5 Qxc5 16. gxf4 Qc3 17. Qxc3 bxc3 18. Nc4 Bg4 19. Ng5 Ke7 20. Nb6 Ra6 21. Bxa6 Nxa6 22. h3 Bd7 23. Nxd7 Kxd7 24. Nf7 exf4 25. Nxh8 Bxh8 26. 0-0-0 Nh6 27. Rdg1 Nf7 28. h4 Ke7 29. Rh3 Be5 30. f3 Bd4 31. Rg2 Kf6 32. Kd1 Be3 33. Rhh2 Ne5 34. Rh3 Bc5 35. Ke2 Nb4 36. Kd1 Na6 37. Rg5 Nc7 38. Ke2 Ne8 39. Rh2 Ng7 40. Rhg2 Kf7 41. Rh2 Nh5 42. Rh3 Bb6 43. Rxe5 dxe5 44. Kd3 Ke7 45. Kxc3 Kd6 46. Kc4 Ng3 47. Kb5 Bd8 48. c4 Ne2 49. c5+ Kd7 50. Kc4 g5 51. Rh2 Nd4 52. Rf2 g4 53. fxg4 f3 54. b4 axb4 55. Kxb4 Bxh4 56. Rf1 f2 57. a5 Nc2+ 0-1

[Event "Wuerttemberg-ch Seniors 15th"]
[Site "Ellwangen"]
[Date "2003.04.14"]
[Round "4"]
[White "Kaldune, Helmut"]
[Black "Wieser, Franz"]
[Result "0-1"]
[WhiteElo "1333"]
[BlackElo "1665"]
[PlyCount "38"]
[EventDate "2003.04.??"]
[EventType "swiss"]
[EventRounds "9"]
[EventCountry "GER"]
[SourceTitle "EXT 2006"]
[Source "ChessBase"]
[SourceDate "2005.11.24"]
[SourceVersion "1"]
[SourceVersionDate "2005.11.24"]
[SourceQuality "1"]

1. c4 c5 2. Nc3 Nc6 3. g3 g6 4. Bg2 Bg7 5. e4 d6 6. Nf3 Bg4 7. 0-0 Nf6 8. d3 0-0 9. Qc2 Qd7 10. a3 Rfe8 11. Be3 Rac8 12. Rab1 b6 13. b4 Bxf3 14. Bxf3 Ng4 15. Bf4 Bd4 16. Bxg4 Qxg4 17. Qd2 Bxc3 18. Qxc3 Nd4 19. Qd2 Nf3+ 0-1

[Event "Wuerttemberg-ch Seniors 15th"]
[Site "Ellwangen"]
[Date "2003.04.12"]
[Round "2"]
[White "Schneidereit, Manfred"]
[Black "Wieser, Franz"]
[Result "1-0"]
[WhiteElo "1593"]
[BlackElo "1665"]
[PlyCount "134"]
[EventDate "2003.04.??"]
[EventType "swiss"]
[EventRounds "9"]
[EventCountry "GER"]
[SourceTitle "EXT 2006"]
[Source "ChessBase"]
[SourceDate "2005.11.24"]
[SourceVersion "1"]
[SourceVersionDate "2005.11.24"]
[SourceQuality "1"]

1. Nf3 Nf6 2. g3 g6 3. Bg2 Bg7 4. d3 d5 5. 0-0 0-0 6. c3 c6 7. Qc2 Nbd7 8. Bf4 Nh5 9. Bg5 h6 10. Be3 e5 11. h3 Re8 12. Nh2 Nf8 13. Qd2 Kh7 14. d4 exd4 15. cxd4 Nf6 16. Nc3 Bd7 17. Rac1 Ne4 18. Nxe4 dxe4 19. b3 f5 20. Qb4 b6 21. Bd2 Rc8 22. e3 Be6 23. Rc2 Bd5 24. Rfc1 Ne6 25. Bf1 Qd7 26. Bc4 Bf8 27. Qc3 Ba3 28. Rb1 a5 29. Qa1 c5 30. Bc1 Bxc1 31. Rbxc1 Bxc4 32. bxc4 cxd4 33. exd4 Qxd4 34. Qb1 Qc5 35. Nf1 Red8 36. Ne3 Nd4 37. Rb2 Rc6 38. Kg2 g5 39. Nd5 Rb8 40. a4 Qd6 41. Rd2 Nf3 42. Rdd1 Re8 43. Ne3 Qe6 44. Rd5 Rf8 45. Qb5 Kg6 46. Rcd1 Rf6 47. c5 bxc5 48. Rxc5 Rxc5 49. Qxc5 f4 50. Nd5 Qe5 51. Ne7+ Kh5 52. Rd5 Qe6 53. g4+ Kh4 54. Nf5+ Rxf5 55. gxf5 Qe8 56. Rd6 h5 57. Qxa5 g4 58. hxg4 Ng5 59. Qe1 f3+ 60. Kh1 Qe5 61. Rh6 Kxg4 62. Qg1+ Kxf5 63. Rxh5 Kf6 64. Rh6+ Kg7 65. Rh5 Kg6 66. Rxg5+ Qxg5 67. Qxg5+ Kxg5 1-0

[Event "Wuerttemberg-ch Seniors 14th"]
[Site "Ellwangen"]
[Date "2002.??.??"]
[Round "7"]
[White "Wieser, Franz"]
[Black "Ellinger, Hans"]
[Result "0-1"]
[WhiteElo "1759"]
[BlackElo "2020"]
[PlyCount "66"]
[EventDate "2002.03.30"]
[EventType "swiss"]
[EventRounds "9"]
[EventCountry "GER"]
[SourceTitle "EXT 2006"]
[Source "ChessBase"]
[SourceDate "2005.11.24"]
[SourceVersion "1"]
[SourceVersionDate "2005.11.24"]
[SourceQuality "1"]

1. d4 c5 2. dxc5 e6 3. g3 Bxc5 4. Nf3 d5 5. Bg2 Nf6 6. 0-0 Nc6 7. c3 0-0 8. b4 Bd6 9. a3 e5 10. e3 Bg4 11. Qb3 Rc8 12. Nbd2 b5 13. Re1 h6 14. e4 Be6 15. Qd1 dxe4 16. Nxe4 Nxe4 17. Rxe4 Qc7 18. Bb2 Rcd8 19. Qe1 f5 20. Re2 Bd5 21. Nd2 Bxg2 22. Kxg2 f4 23. f3 fxg3 24. hxg3 Qf7 25. Qf2 Bc7 26. Qe3 e4 27. Nxe4 Ne5 28. Rf2 Rd3 29. Qxa7 Nxf3 30. Raf1 Qd5 31. Qxc7 Qxe4 32. Kh3 Rf5 33. Qc8+ Kh7 0-1

[Event "Wuerttemberg-ch Seniors 13th"]
[Site "Ellwangen"]
[Date "2001.??.??"]
[Round "3"]
[White "Fels, Karl Heinz"]
[Black "Wieser, Franz"]
[Result "1-0"]
[WhiteElo "1741"]
[BlackElo "1730"]
[PlyCount "41"]
[EventDate "2001.04.??"]
[EventType "swiss"]
[EventRounds "9"]
[EventCountry "GER"]
[SourceTitle "EXT 2006"]
[Source "ChessBase"]
[SourceDate "2005.11.24"]
[SourceVersion "1"]
[SourceVersionDate "2005.11.24"]
[SourceQuality "1"]

1. e4 d6 2. d4 Nf6 3. Nc3 g6 4. f3 Bg7 5. Be3 c6 6. Qd2 Qc7 7. g4 e5 8. Nge2 b5 9. a3 Nbd7 10. Ng3 Rb8 11. g5 Ng8 12. d5 a6 13. dxc6 Nc5 14. 0-0-0 Be6 15. Qxd6 Qxd6 16. Rxd6 Na4 17. Nxa4 bxa4 18. Bxa6 Bf8 19. Rd2 Ne7 20. c7 Ra8 21. Bb5+ 1-0

[Event "Wuerttemberg-ch Seniors 13th"]
[Site "Ellwangen"]
[Date "2001.??.??"]
[Round "2"]
[White "Wieser, Franz"]
[Black "Kaldune, Helmut"]
[Result "1-0"]
[WhiteElo "1730"]
[BlackElo "1327"]
[PlyCount "57"]
[EventDate "2001.04.??"]
[EventType "swiss"]
[EventRounds "9"]
[EventCountry "GER"]
[SourceTitle "EXT 2006"]
[Source "ChessBase"]
[SourceDate "2005.11.24"]
[SourceVersion "1"]
[SourceVersionDate "2005.11.24"]
[SourceQuality "1"]

1. e4 e5 2. Nf3 Nc6 3. Bb5 d6 4. 0-0 Bd7 5. d3 Nf6 6. Nc3 Be7 7. h3 0-0 8. Be3 a6 9. Ba4 b5 10. Bb3 Na5 11. Nh2 Nxb3 12. axb3 c5 13. f4 exf4 14. Bxf4 Qb6 15. Kh1 Bc6 16. Nf3 Nh5 17. Bh2 Nf6 18. e5 dxe5 19. Nxe5 Rfd8 20. Nxc6 Qxc6 21. Be5 c4 22. bxc4 bxc4 23. d4 Ne4 24. Qf3 f6 25. Nxe4 fxe5 26. dxe5 Rf8 27. Nf6+ Rxf6 28. exf6 Qxf6 29. Qxa8+ 1-0